000 00806nam a22002177a 4500
003 AM-YeHGA
005 20250617154231.0
008 180220s xxu||||| |||| 00| 0 rus d
040 _aAM-YeHGA
041 0 _arus
245 0 0 _aРентгенометрический определитель минералов /
_cСост. В.И. Михеев, Э.П. Сальдау; Под ред. И.В. Михеевой.
260 _aЛенинград :
_bНедра,
300 _aтом
505 1 0 _gТ. 1 (1957; 868 с.)
_gТ. 2 (1965, 363 с.)
653 0 _aМинералы - Определители
700 1 _aМихеев, В.И.
_eсост.
_4com
700 1 _aСальдау, Э.П.
_eсост.
_4com
700 1 _aМихеева, И.В.
_eред.
_4edt
942 _2udc
_cBK
090 _c409909
999 _c407642
_d407642